000 00437nam a2200181Ia 4500
005 20240823011128.0
008 240823s9999||||xx |||||||||||||| ||und||
041 _aENGLISH
082 _A342.02 P1
100 _aAladi Aruna
245 0 _aUnfederal Features of Indian Constitution
250 _a1st
260 _c2001
_b"Mathivanan,Chennai"
500 _aTRANSFERED
650 _aGeneral
_bGeneral
942 _cBK
999 _c160623
_d160623